[Event "4. Obert Internacional Masdenverge 2015"]
[Site "Masdenverge ESP"]
[Date "2015.06.28"]
[Round "7.4"]
[White "Calvo Simon, Jorge"]
[Black "Galimany Rovira, Xavier"]
[Result "1/2-1/2"]
[WhiteElo "2042"]
[BlackElo "2060"]
[PlyCount "71"]
[EventDate "2015.06.26"]
[EventType "swiss"]
[EventRounds "7"]
[EventCountry "ESP"]
[SourceTitle "Ajedrez en Madrid"]
[Source "lmi"]
[SourceDate "2015.06.26"]
[SourceVersion "1"]
[SourceVersionDate "2018.04.15"]
[SourceQuality "1"]

1. e4 c5 2. Nf3 d6 3. d4 cxd4 4. Nxd4 Nf6 5. Nc3 g6 6. Be3 Bg7 7. f3 O-O 8. Qd2
Nc6 9. O-O-O d5 10. Kb1 Nxd4 11. Bxd4 dxe4 12. Bxf6 Qxd2 13. Rxd2 Bxf6 14. Nxe4
Bg7 15. Bc4 b5 16. Bb3 a5 17. a3 a4 18. Ba2 b4 19. axb4 a3 20. c3 Bf5 21. g4
Bxe4+ 22. fxe4 Rfc8 23. Rf1 axb2 24. Rxb2 Bxc3 25. Bxf7+ Kh8 26. Ra2 Rab8 27.
Be6 Rc7 28. Bd5 Rxb4+ 29. Kc2 Bf6+ 30. Kd2 Rd4+ 31. Ke2 Kg7 32. Rd1 Rb4 33. Kf2
e6 34. Bxe6 Rxe4 35. Rd7+ Rxd7 36. Bxd7 1/2-1/2

[Event "4. Obert Internacional Masdenverge 2015"]
[Site "Masdenverge ESP"]
[Date "2015.06.28"]
[Round "7.5"]
[White "Rodriguez Adell, Aaron"]
[Black "Buch Prades, Joan"]
[Result "1-0"]
[WhiteElo "2047"]
[BlackElo "2093"]
[PlyCount "51"]
[EventDate "2015.06.26"]
[EventType "swiss"]
[EventRounds "7"]
[EventCountry "ESP"]
[SourceTitle "Ajedrez en Madrid"]
[Source "lmi"]
[SourceDate "2015.06.26"]
[SourceVersion "1"]
[SourceVersionDate "2018.04.15"]
[SourceQuality "1"]

1. d4 Nf6 2. Bg5 d5 3. e3 Bf5 4. c4 c6 5. Nc3 Nbd7 6. cxd5 cxd5 7. Nf3 e6 8.
Rc1 Qb6 9. Bb5 a6 10. Qa4 Rc8 11. Bxd7+ Nxd7 12. Ne5 Qd6 13. O-O f6 14. Nb5 Qb8
15. Nd6+ Qxd6 16. Rxc8+ Ke7 17. Nxd7 Qxd7 18. Qb4+ Kf7 19. Qc3 Kg6 20. Rc7 Qd8
21. Bf4 e5 22. dxe5 Bb4 23. Qc1 Bd3 24. Rd1 Ba5 25. Rc5 b6 26. Rxa5 1-0

[Event "4. Obert Internacional Masdenverge 2015"]
[Site "Masdenverge ESP"]
[Date "2015.06.28"]
[Round "7.6"]
[White "Romero Pallares, Daniel"]
[Black "Llamazares Lopez, Marcos"]
[Result "0-1"]
[WhiteElo "2070"]
[BlackElo "2057"]
[PlyCount "100"]
[EventDate "2015.06.26"]
[EventType "swiss"]
[EventRounds "7"]
[EventCountry "ESP"]
[SourceTitle "Ajedrez en Madrid"]
[Source "lmi"]
[SourceDate "2015.06.26"]
[SourceVersion "1"]
[SourceVersionDate "2018.04.15"]
[SourceQuality "1"]

1. e4 c5 2. Nf3 Nc6 3. c3 d5 4. exd5 Qxd5 5. d4 e6 6. Be3 cxd4 7. cxd4 Nf6 8.
Bd3 Be7 9. O-O O-O 10. Nc3 Qd6 11. Rc1 a6 12. a3 Rd8 13. Bb1 e5 14. d5 Nxd5 15.
Nxd5 Qxd5 16. Qxd5 Rxd5 17. Be4 Rb5 18. Rxc6 bxc6 19. Bxc6 Rab8 20. Bxb5 Rxb5
21. Rc1 Be6 22. b4 Rd5 23. h3 f6 24. Kh2 Kf8 25. Nd2 a5 26. Rc6 Bd7 27. Rb6
axb4 28. axb4 Rb5 29. Rxb5 Bxb5 30. Bc5 Bxc5 31. bxc5 Ke7 32. Kg3 Bc6 33. f3
Ke6 34. Kg4 Kd5 35. Ne4 Kd4 36. Ng3 Bd7+ 37. Kh4 g6 38. Ne4 f5 39. Nf6 Bc6 40.
Kg5 e4 41. fxe4 fxe4 42. Nxe4 Bxe4 43. Kh6 Ke5 44. g4 Kf4 45. g5 Kf5 46. h4 Kg4
47. Kxh7 Kxh4 48. Kh6 Kg4 49. c6 Kf5 50. c7 Bb7 0-1

[Event "4. Obert Internacional Masdenverge 2015"]
[Site "Masdenverge ESP"]
[Date "2015.06.28"]
[Round "7.7"]
[White "Fernandez Alonso, Miquel A."]
[Black "Ramon Serrano, Francisco Javie"]
[Result "1-0"]
[WhiteElo "2068"]
[BlackElo "2014"]
[PlyCount "69"]
[EventDate "2015.06.26"]
[EventType "swiss"]
[EventRounds "7"]
[EventCountry "ESP"]
[SourceTitle "Ajedrez en Madrid"]
[Source "lmi"]
[SourceDate "2015.06.26"]
[SourceVersion "1"]
[SourceVersionDate "2018.04.15"]
[SourceQuality "1"]

1. d4 Nf6 2. c4 g6 3. Nc3 d5 4. Bg5 Ne4 5. Bh4 Nxc3 6. bxc3 Bg7 7. e3 O-O 8.
Nf3 Re8 9. Be2 dxc4 10. Bxc4 c5 11. O-O Nc6 12. Bxf7+ Kh8 13. Bxe8 Qxe8 14. Qb3
h6 15. Bg3 cxd4 16. exd4 b6 17. Ne5 Bb7 18. Qe6 Kh7 19. Rfe1 Bf6 20. Ng4 Bg7
21. Ne5 Bf6 22. Nxc6 Bxc6 23. Be5 Bd7 24. Qb3 Qf8 25. Bxf6 exf6 26. Re3 Re8 27.
Rae1 Rxe3 28. Rxe3 h5 29. Qd5 Bf5 30. Qb7+ Kh6 31. Qe7 Qg8 32. h4 Qh8 33. Qf7
g5 34. Re8 Qg7 35. hxg5+ 1-0

[Event "4. Obert Internacional Masdenverge 2015"]
[Site "Masdenverge ESP"]
[Date "2015.06.28"]
[Round "7.8"]
[White "Abarca Garcia, Xavier"]
[Black "Palacios Herrero, Pablo"]
[Result "0-1"]
[WhiteElo "1806"]
[BlackElo "2064"]
[PlyCount "72"]
[EventDate "2015.06.26"]
[EventType "swiss"]
[EventRounds "7"]
[EventCountry "ESP"]
[SourceTitle "Ajedrez en Madrid"]
[Source "lmi"]
[SourceDate "2015.06.26"]
[SourceVersion "1"]
[SourceVersionDate "2018.04.15"]
[SourceQuality "1"]

1. d4 f5 2. g3 g6 3. Bg2 Bg7 4. Nf3 Nf6 5. O-O O-O 6. c4 d6 7. Nc3 Qe8 8. d5
Na6 9. Qc2 c5 10. Re1 e5 11. dxe6 Qxe6 12. Nb5 Qe7 13. Bf4 Nb4 14. Qb3 Ne4 15.
Rad1 Rd8 16. Nd2 a6 17. Nxe4 axb5 18. Bg5 Qf7 19. Nxd6 bxc4 20. Qxc4 Qxc4 21.
Nxc4 Rxd1 22. Rxd1 Be6 23. Nb6 Rxa2 24. Rd8+ Kf7 25. Bxb7 Rxb2 26. Na4 Rb1+ 27.
Kg2 c4 28. Bc8 Bd5+ 29. Kh3 Bc6 30. Bd7 Rd1 31. Bxc6 Rxd8 32. Bxd8 Nxc6 33. Bg5
c3 34. Bc1 Nb4 35. Kg2 Na2 36. Nxc3 Nxc1 0-1

[Event "4. Obert Internacional Masdenverge 2015"]
[Site "Masdenverge ESP"]
[Date "2015.06.28"]
[Round "7.9"]
[White "Aviol Perez, Jose Mariano"]
[Black "Colls Gelaberto, Emili"]
[Result "0-1"]
[WhiteElo "1862"]
[BlackElo "2164"]
[PlyCount "134"]
[EventDate "2015.06.26"]
[EventType "swiss"]
[EventRounds "7"]
[EventCountry "ESP"]
[SourceTitle "Ajedrez en Madrid"]
[Source "lmi"]
[SourceDate "2015.06.26"]
[SourceVersion "1"]
[SourceVersionDate "2018.04.15"]
[SourceQuality "1"]

1. d4 Nf6 2. Nf3 g6 3. Nc3 d5 4. Bf4 c5 5. e3 Nc6 6. Be2 Bg7 7. Ne5 O-O 8. O-O
cxd4 9. exd4 Qb6 10. Nxc6 bxc6 11. Na4 Qa5 12. Nc5 Nd7 13. Nxd7 Bxd7 14. Bf3
Qb4 15. c3 Qxb2 16. Qd3 Bf5 17. Qe3 Rfe8 18. g4 Be6 19. Rfb1 Qa3 20. Rb3 Qa5
21. Rb7 c5 22. Bc7 Qa6 23. Rab1 cxd4 24. cxd4 Qxa2 25. Be2 Rec8 26. R1b4 Qa1+
27. Kg2 a5 28. R4b5 Qxd4 29. Bxa5 Qxe3 30. fxe3 Bf6 31. Bf3 Rc2+ 32. Kg1 Bg5
33. Rb8+ Rxb8 34. Rxb8+ Kg7 35. Bb6 Bf6 36. Rd8 Rc6 37. Ba7 Ra6 38. Bc5 Ra5 39.
Bb6 Rb5 40. Ba7 Kh6 41. h3 Kg5 42. Bb8 Kh4 43. Bg2 Rb2 44. Ba7 Rc2 45. e4 Rc1+
46. Bf1 d4 47. Bxd4 Bxd4+ 48. Rxd4 h5 49. Kf2 hxg4 50. e5 Kg5 51. hxg4 Bxg4 52.
Bc4 e6 53. Bb5 Rc5 54. Be8 Rxe5 55. Kg3 f5 56. Rd7 Re3+ 57. Kf2 f4 58. Rg7 Bf5
59. Ra7 e5 60. Ra1 e4 61. Rg1+ Kf6 62. Bc6 Rc3 63. Ba4 Ra3 64. Bd1 Ra2+ 65. Ke1
e3 66. Be2 Ra1+ 67. Bd1 Bc2 0-1

[Event "4. Obert Internacional Masdenverge 2015"]
[Site "Masdenverge ESP"]
[Date "2015.06.28"]
[Round "7.10"]
[White "Jordan Martinez, David"]
[Black "Girona Masdeu, Joan"]
[Result "1-0"]
[WhiteElo "2131"]
[BlackElo "1790"]
[PlyCount "79"]
[EventDate "2015.06.26"]
[EventType "swiss"]
[EventRounds "7"]
[EventCountry "ESP"]
[SourceTitle "Ajedrez en Madrid"]
[Source "lmi"]
[SourceDate "2015.06.26"]
[SourceVersion "1"]
[SourceVersionDate "2018.04.15"]
[SourceQuality "1"]

1. d4 d5 2. c4 c6 3. Nf3 Nf6 4. Qc2 g6 5. g3 Bg7 6. Bg2 O-O 7. O-O Ne4 8. Nc3
Nxc3 9. Qxc3 e6 10. Qc2 Nd7 11. e4 dxc4 12. Qxc4 e5 13. Be3 exd4 14. Bxd4 Bxd4
15. Qxd4 Qf6 16. e5 Qe7 17. Rfe1 Nb6 18. Qf4 Re8 19. Ng5 Bf5 20. g4 Be6 21. Ne4
Nd5 22. Qg3 f6 23. exf6 Nxf6 24. Ng5 Qd7 25. Rad1 Bd5 26. Bxd5+ Nxd5 27. Ne4
Qg7 28. g5 Kh8 29. Nc3 Rxe1+ 30. Rxe1 Nxc3 31. bxc3 Rd8 32. Re6 Rf8 33. Qe3 Qd7
34. Qe5+ Qg7 35. Rf6 Rg8 36. Kg2 Rd8 37. h4 Kg8 38. Qe6+ Kh8 39. Rf7 Qxc3 40.
Qe7 1-0